Statistics for TV Show by Characters

Click here to take the quiz!

General Stats

  • This quiz has been taken 134 times
  • The average score is 16 of 35

Answer Stats

HintAnswer% Correct
Rachel Green, Chandler Bing, Joey TribbianiFriends
91%
Eleven, Jim Hopper, Mike WheelerStranger Things
82%
Lucifer Morningstar, Chloe Decker, MazeLucifer
81%
Walter White, Jesse Pinkman, Gus FringBreaking Bad
79%
Meredith Grey, Derek Shepherd, Cristina YangGrey's Anatomy
78%
Ted Mosby, Robin Scherbatsky, Barney StinsonHow I Met Your Mother
77%
Michael Scott, Dwight Schrute, Jim HalpertThe Office
77%
Tyrion Lannister, Daenerys Targaryen, Jon SnowGame of Thrones
75%
Jake Peralta, Ray Holt, Amy SantiagoBrooklyn Nine-Nine
72%
Hannibal Lecter, Will Graham, Jack CrawfordHannibal
68%
Saul Goodman, Kim Wexler, Nacho VargaBetter Call Saul
66%
Phil Dunphy, Jay Pritchett, Gloria DelgadoModern Family
65%
Dexter Morgan, Rita Bennett, Maria LaGuertaDexter
63%
Thomas Shelby, Polly Gray, Alfie SolomonsPeaky Blinders
62%
Gregory House, Lisa Cuddy, James WilsonHouse MD
50%
Tokyo, Berlin, El ProfesorLa Casa de Papel
50%
Ragnar Lothbrok, Lagertha, FlokiVikings
46%
Jessica Day, Nick Miller, SchmidtNew Girl
41%
Annalise Keating, Wes Gibbins, Connor WalshHow to Get Away with Murder
38%
Richard Castle, Kate Beckett, Javier EspositoCastle
37%
Jack Shephard, Kate Austen, SawyerLost
36%
Piper Chapman, Alex Vause, Nicky NicholsOrange is the New Black
35%
Don Draper, Peggy Olson, Joan HollowayMad Men
30%
Jax Teller, Clay Morrow, Tara KnowlesSons of Anarchy
23%
Michael Bluth, Tobias Funke, BusterArrested Development
21%
Frank Underwood, Doug Stamper, Zoe BarnesHouse of Cards
21%
Offred, Ofglen, Serena Joy WaterfordThe Handmaid's Tale
21%
Patrick Jane, Teresa Lisbon, Kimball ChoThe Mentalist
21%
Midge Maisel, Susie Myerson, Abe WeissmanThe Marvelous Mrs Maisel
15%
Elliot Alderson, Tyrell Wellick, WhiteroseMr Robot
12%
Rust Cohle (S1), Ray Velcoro (S2), Wayne Hays (S3)True Detective
12%
Nate Fisher, Brenda Chenowith, Keith CharlesSix Feet Under
9%
Dolores Abernathy, Robert Ford, Bernard LoweWestworld
9%
Vanessa Ives, Ethan Chandler, Victor FrankensteinPenny Dreadful
5%
Juliana Crain, John Smith, Inspector KidoThe Man in the High Castle
5%

Score Distribution

Percentile by Number Answered

Percent of People with Each Score

Your Score History

You have not taken this quiz